Statistics for Spain Global Cities

Click here to take the quiz!

General Stats

  • This quiz has been taken 59 times
  • The average score is 6 of 6

Answer Stats

HintAnswer% Correct
AlphaMadrid
100%
Beta+Barcelona
98%
GammaValencia
98%
Gamma-Bilbao
93%
High SufficiencySevilla
84%
Gamma-Málaga
78%

Score Distribution

Percentile by Number Answered

Percent of People with Each Score

Your Score History

You have not taken this quiz